| 000 | 00465nam a2200157 i 4500 | ||
|---|---|---|---|
| 001 | 50781 | ||
| 003 | ES-MaACL | ||
| 005 | 20230906162234.0 | ||
| 007 | t| | ||
| 008 | 030806s1965 sp ||||1| spa d | ||
| 100 | 1 |
_aCuenca, José Manuel. _941997 |
|
| 245 | 1 | 0 |
_aPedro de Inguanzo y Rivero _b: (1764-1836) / _cJosé Manuel Cuenca. |
| 260 |
_aPamplona : _bUniversidad de Navarra, _c1965. |
||
| 300 |
_aXXII, 331 p. ; _c22 cm. |
||
| 852 |
_aES-MaACL _jC-27355 _bR.56422 |
||
| 999 |
_c50781 _d50781 |
||